The diamond champs / (Record no. 2581)

MARC details
000 -LEADER
fixed length control field 01042cam a2200325 i 4500
001 - CONTROL NUMBER
control field 2581
003 - CONTROL NUMBER IDENTIFIER
control field FISKH
005 - DATE AND TIME OF LATEST TRANSACTION
control field 20240103095025.0
008 - FIXED-LENGTH DATA ELEMENTS--GENERAL INFORMATION
fixed length control field 761123s1977 maua j 000 1 eng
010 ## - LIBRARY OF CONGRESS CONTROL NUMBER
LC control number 76056153
020 ## - INTERNATIONAL STANDARD BOOK NUMBER
International Standard Book Number 0316139726
020 ## - INTERNATIONAL STANDARD BOOK NUMBER
International Standard Book Number 9780316140065
040 ## - CATALOGING SOURCE
Original cataloging agency DLC
Transcribing agency DLC
Modifying agency DLC
042 ## - AUTHENTICATION CODE
Authentication code lcac
050 00 - LIBRARY OF CONGRESS CALL NUMBER
Classification number PZ7.C458
Item number Di
082 00 - DEWEY DECIMAL CLASSIFICATION NUMBER
Classification number 303
100 1# - MAIN ENTRY--PERSONAL NAME
Personal name Christopher, Matt
Dates associated with a name 1917-1997
245 14 - TITLE STATEMENT
Title The diamond champs /
Statement of responsibility, etc. by Matt Christopher ; illustrated by Larry Johnson
250 ## - EDITION STATEMENT
Edition statement First Paperback Edition
260 ## - PUBLICATION, DISTRIBUTION, ETC.
Place of publication, distribution, etc. Boston :
Name of publisher, distributor, etc. Little, Brown and Co,
Date of publication, distribution, etc. 1977
300 ## - PHYSICAL DESCRIPTION
Extent 120 pages :
Other physical details illustrations ;
Dimensions 20 cm
505 ## - FORMATTED CONTENTS NOTE
Formatted contents note R
520 ## - SUMMARY, ETC.
Summary, etc. An aura of intrigue surrounds a baseball coach obsessed with the idea of turning a bunch of handpicked beginners into champions in one season.
521 8# - TARGET AUDIENCE NOTE
Target audience note 760
Source Lexile
521 8# - TARGET AUDIENCE NOTE
Target audience note R
Source Raz-Plus
650 #1 - SUBJECT ADDED ENTRY--TOPICAL TERM
Topical term or geographic name entry element Baseball
General subdivision Fiction.
700 1# - ADDED ENTRY--PERSONAL NAME
Personal name Johnson, Larry
Dates associated with a name 1949-
Relator term illustrator
906 ## - LOCAL DATA ELEMENT F, LDF (RLIN)
a 7
b cbc
c orignew
d 1
e ocip
f 19
g y-gencatlg
942 ## - ADDED ENTRY ELEMENTS (KOHA)
Source of classification or shelving scheme Dewey Decimal Classification
Koha item type Books
Suppress in OPAC No
Holdings
Withdrawn status Lost status Source of classification or shelving scheme Damaged status Not for loan Collection Home library Current library Shelving location Date acquired Total Checkouts Full call number Barcode Date last seen Price effective from Koha item type
    Dewey Decimal Classification     Fiction Footprints International School Library Network Toul Kork Campus Footprints International School Library Network Toul Kork Campus   01/02/2024   CHR 303 PZ7.C458 FIS00457 01/02/2024 01/02/2024 Books